Japanese imperialism, 1894-1945 / (Record no. 592151)

000 -LEADER
fixed length control field 01047pam a2200289 a 4500
001 - CONTROL NUMBER
control field 1462464
005 - DATE AND TIME OF LATEST TRANSACTION
control field 20221031121747.0
008 - FIXED-LENGTH DATA ELEMENTS--GENERAL INFORMATION
fixed length control field 861029s1987 enkbf b 001 0 eng
010 ## - LIBRARY OF CONGRESS CONTROL NUMBER
LC control number 86028544
020 ## - INTERNATIONAL STANDARD BOOK NUMBER
International Standard Book Number 9780198221685
040 ## - CATALOGING SOURCE
Original cataloging agency DLC
Transcribing agency DLC
Modifying agency DLC
043 ## - GEOGRAPHIC AREA CODE
Geographic area code a-ja---
050 00 - LIBRARY OF CONGRESS CALL NUMBER
Classification number DS885.48
Item number .B43 1987
082 00 - DEWEY DECIMAL CLASSIFICATION NUMBER
Classification number 952.03
Author Mark BEA
100 1# - MAIN ENTRY--PERSONAL NAME
Personal name Beasley, W. G.
Fuller form of name (William G.),
Dates associated with a name 1919-2006.
9 (RLIN) 101938
245 10 - TITLE STATEMENT
Title Japanese imperialism, 1894-1945 /
Statement of responsibility, etc. W.G. Beasley.
260 ## - PUBLICATION, DISTRIBUTION, ETC.
Place of publication, distribution, etc. Oxford [Oxfordshire] :
Name of publisher, distributor, etc. Clarendon Press ;
Place of publication, distribution, etc. New York :
Name of publisher, distributor, etc. Oxford University Press,
Date of publication, distribution, etc. 1987.
300 ## - PHYSICAL DESCRIPTION
Extent viii, 279 p., [3] p. of plates :
Other physical details maps ;
Dimensions 23 cm.
500 ## - GENERAL NOTE
General note Includes index.
504 ## - BIBLIOGRAPHY, ETC. NOTE
Bibliography, etc. note Bibliography: p. [259]-269.
650 #0 - SUBJECT ADDED ENTRY--TOPICAL TERM
Topical term or geographic name entry element Imperialism.
9 (RLIN) 49704
651 #0 - SUBJECT ADDED ENTRY--GEOGRAPHIC NAME
Geographic name Japan
General subdivision Foreign relations
Chronological subdivision 20th century.
9 (RLIN) 101939
651 #0 - SUBJECT ADDED ENTRY--GEOGRAPHIC NAME
Geographic name Japan
General subdivision History
Chronological subdivision 20th century.
9 (RLIN) 101940
856 42 - ELECTRONIC LOCATION AND ACCESS
Materials specified Publisher description
Uniform Resource Identifier <a href="http://www.loc.gov/catdir/enhancements/fy0640/86028544-d.html">http://www.loc.gov/catdir/enhancements/fy0640/86028544-d.html</a>
906 ## - LOCAL DATA ELEMENT F, LDF (RLIN)
a 7
b cbc
c orignew
d 1
e ocip
f 19
g y-gencatlg
942 ## - ADDED ENTRY ELEMENTS (KOHA)
Source of classification or shelving scheme
Koha item type Book
Holdings
Withdrawn status Lost status Source of classification or shelving scheme Damaged status Not for loan Permanent Location Current Location Shelving location Date acquired Source of acquisition Full call number Barcode Date last seen Price effective from Koha item type
          Central Library (CL) Central Library (CL) Explore Japan 10/31/2022 Donated by Japan Embassy 952.03 BEA CL-D-2122 11/02/2022 10/31/2022 Book
© 2023 Central Library, National University of Sciences and Technology. All Rights Reserved.